| 000 | 00617nam a2200169 a 4500 | ||
|---|---|---|---|
| 005 | 20140520110318.0 | ||
| 008 | 830926s1983 xx a 000 0 eng | ||
| 010 | _a 83206373 | ||
| 100 | 1 | _aLoss, Myron. | |
| 245 | 1 | 0 |
_aCulture shock : _bdealing with stress in cross-cultural living / _cby Myron Loss ; cartoons by Terrill Nelson. |
| 260 |
_a[S.l.] : _bM. Loss ; _a[Middleburg, PA : _bMay be ordered from Encouragement Ministries], _cc1983. |
||
| 300 |
_ax, 142 p. : _bill. ; _c21 cm. |
||
| 650 | 0 |
_aMissionaries _xPsychology. |
|
| 650 | 0 | _aAdjustment (Psychology) | |
| 650 | 0 | _aStress (Psychology) | |
| 942 |
_2lcc _cBK |
||
| 999 |
_c35780 _d35780 |
||